[Event "XXVI. Rhein-Main-Open, Gruppe A"]
[Site "Bad Homburg vor der Höhe"]
[Date "2024.06.01"]
[Round "5"]
[White "Hessler Carbonell, Louis"]
[Black "Drill, Frank"]
[Result "1-0"]
[WhiteElo "1874"]
[BlackElo "2013"]
[PlyCount "55"]
[EventDate "2024.??.??"]
[WhiteTeam "SK Marburg 1931/72"]
[BlackTeam "SF Neuberg"]

1. f4 d6 2. Nf3 Bg4 3. e3 Nd7 4. h3 Bxf3 5. Qxf3 c6 6. b3 e5 7. Bb2 Ngf6 8. d3 Be7 9. Nd2 Qc7 10. c4 g6 11. Be2 Nh5 12. Qf2 Ng7 13. g4 f5 14. Bf3 Rf8 15. g5 Ne6 16. Bg2 Ndc5 17. Ke2 exf4 18. exf4 d5 19. Be5 Bd6 20. d4 Nxf4+ 21. Qxf4 Ne6 22. Qe3 Bxe5 23. Qxe5 Qe7 24. Kf2 dxc4 25. Rhe1 Kd7 26. d5 Qc5+ 27. Kf1 Nxg5 28. dxc6+ 1-0

[Event "XXVI. Rhein-Main-Open, Gruppe A"]
[Site "Bad Homburg vor der Höhe"]
[Date "2024.06.01"]
[Round "5"]
[White "Hinz, Andre"]
[Black "Olson, Philip Christoph"]
[Result "1-0"]
[WhiteElo "1855"]
[BlackElo "1792"]
[PlyCount "69"]
[EventDate "2024.??.??"]
[WhiteTeam "SC Brett vorm Kopp Ffm"]
[BlackTeam "SC Bad Nauheim"]

1. c4 Nf6 2. Nf3 g6 3. d4 Bg7 4. g3 O-O 5. Bg2 d6 6. Nc3 Nbd7 7. O-O e5 8. e4 c6 9. h3 Qa5 10. Be3 exd4 11. Nxd4 Nb6 12. Qd3 Qa6 13. b3 d5 14. e5 dxc4 15. bxc4 Nfd7 16. f4 Nxc4 17. Bf2 Ndb6 18. Nb3 Bf5 19. Qe2 Qa3 20. Bc5 Qb2 21. Qxb2 Nxb2 22. Bxf8 Bxf8 23. Ne4 N6c4 24. Rf2 Nd3 25. Re2 Rd8 26. Rd1 Be7 27. Kh2 b5 28. Nf6+ Kg7 29. Bxc6 Nxf4 30. Rxd8 Nxe2 31. Rg8+ Kh6 32. Bxb5 Be6 33. Bxc4 Bxc4 34. Rc8 Bxf6 35. Rxc4 1-0

[Event "XXVI. Rhein-Main-Open, Gruppe A"]
[Site "Bad Homburg vor der Höhe"]
[Date "2024.06.01"]
[Round "5"]
[White "Hipler, Andreas"]
[Black "Gries, Volker"]
[Result "1/2-1/2"]
[WhiteElo "1884"]
[BlackElo "2064"]
[PlyCount "32"]
[EventDate "2024.??.??"]
[WhiteTeam "SK Gau-Algesheim"]
[BlackTeam "SV Oberursel"]

1. d4 Nf6 2. Nf3 g6 3. g3 Bg7 4. Bg2 O-O 5. O-O d6 6. b3 c5 7. Bb2 Na6 8. Nbd2 Rb8 9. c4 Bf5 10. Bc3 Ne4 11. Nxe4 Bxe4 12. e3 Nc7 13. Nh4 Bxg2 14. Kxg2 Ne6 15. Qd3 Qc8 16. Nf3 a6 1/2-1/2

[Event "XXVI. Rhein-Main-Open, Gruppe A"]
[Site "Bad Homburg vor der Höhe"]
[Date "2024.06.01"]
[Round "5"]
[White "Hoelss, Silas"]
[Black "Pichl, Michael"]
[Result "1-0"]
[WhiteElo "1756"]
[BlackElo "1860"]
[PlyCount "59"]
[EventDate "2024.??.??"]
[WhiteTeam "SSG Hungen-Lich"]
[BlackTeam "SV Empor Erfurt"]

1. e4 c5 2. Nf3 g6 3. d4 cxd4 4. Nxd4 Bg7 5. c4 Nf6 6. Nc3 d6 7. Be2 Nbd7 8. f4 a6 9. Rb1 O-O 10. O-O e5 11. Nc2 Nc5 12. Bf3 Qb6 13. Kh1 Ne6 14. f5 Nd4 15. fxg6 fxg6 16. Be3 Nd7 17. Ne2 Qc7 18. Ncxd4 exd4 19. Bxd4 Ne5 20. b3 Nxf3 21. Rxf3 Bg4 22. Rxf8+ Rxf8 23. Bxg7 Rf2 24. Qd5+ Qf7 25. Bd4 Be6 26. Qxd6 Rxe2 27. Qe5 Kf8 28. Qb8+ Qe8 29. Bc5+ Kf7 30. Rf1+ 1-0

[Event "XXVI. Rhein-Main-Open, Gruppe A"]
[Site "Bad Homburg vor der Höhe"]
[Date "2024.06.01"]
[Round "5"]
[White "Hornung, Thomas"]
[Black "Griesfeller, Sven"]
[Result "1/2-1/2"]
[WhiteElo "2031"]
[BlackElo "1741"]
[PlyCount "44"]
[EventDate "2024.??.??"]
[WhiteTeam "SK Eberstadt 1924"]
[BlackTeam "Schachdr. Büdingen-Wächtersbach"]

1. d4 Nf6 2. c4 e6 3. g3 d5 4. Nf3 Be7 5. Bg2 O-O 6. O-O dxc4 7. Ne5 c5 8. dxc5 Bxc5 9. Nxc4 Nc6 10. Nc3 Qxd1 11. Rxd1 a6 12. Bg5 Rb8 13. Rac1 b5 14. Nd6 Ne5 15. Nde4 Be7 16. Bf4 Nfd7 17. Nd6 g5 18. Bxe5 Nxe5 19. Nce4 Rd8 20. Rxc8 Rbxc8 21. f4 gxf4 22. gxf4 Nc4 1/2-1/2

[Event "XXVI. Rhein-Main-Open, Gruppe A"]
[Site "Bad Homburg vor der Höhe"]
[Date "2024.06.01"]
[Round "5"]
[White "Jakob, Steffen"]
[Black "Krychevskiy, Dmytro"]
[Result "1/2-1/2"]
[WhiteElo "1836"]
[BlackElo "1944"]
[PlyCount "86"]
[EventDate "2024.??.??"]
[WhiteTeam "Sges Bensheim 1931"]
[BlackTeam "SV Oberursel"]

1. e4 e6 2. b3 d5 3. Bb2 Nf6 4. e5 Nfd7 5. f4 Nc6 6. Nf3 Ne7 7. g3 Nf5 8. Nd4 Nxd4 9. Bxd4 c5 10. Bb2 Nb8 11. Nc3 a6 12. Ne2 Nc6 13. Bg2 Qb6 14. d4 cxd4 15. Nxd4 Bc5 16. Nxc6 Bf2+ 17. Kf1 bxc6 18. Ba3 a5 19. Bf3 Bd4 20. Rb1 Bc3 21. Be2 Bb4 22. Bb2 O-O 23. Kg2 Bb7 24. Rf1 Be7 25. Bf3 f6 26. Re1 Rae8 27. Qd3 Ba6 28. Qd2 Bb4 29. Bc3 Bb7 30. a3 Bxc3 31. Qxc3 f5 32. b4 a4 33. Red1 Ba6 34. Qd4 Rb8 35. Qxb6 Rxb6 36. c3 Rfb8 37. Rbc1 Bc4 38. Rd2 Rb5 39. Bd1 Ra8 40. Be2 Bxe2 41. Rxe2 c5 42. Rec2 Rab8 43. Kf2 Kf7 1/2-1/2

[Event "XXVI. Rhein-Main-Open, Gruppe A"]
[Site "Bad Homburg vor der Höhe"]
[Date "2024.06.01"]
[Round "5"]
[White "Jonnek, Thomas"]
[Black "Werner, Claus"]
[Result "1/2-1/2"]
[WhiteElo "1996"]
[BlackElo "2179"]
[PlyCount "33"]
[EventDate "2024.??.??"]
[WhiteTeam "SF Bremer Osten Bgh. Mahndorf"]
[BlackTeam "SG Post/Süd Regensburg"]

1. d4 Nf6 2. g3 c5 3. dxc5 e6 4. Bg2 Bxc5 5. Nh3 O-O 6. e4 Nc6 7. O-O d5 8. exd5 exd5 9. Bg5 d4 10. Nd2 Bf5 11. Nf4 h6 12. Bxf6 Qxf6 13. Ne4 Bxe4 14. Bxe4 Rfe8 15. Re1 Rad8 16. Nd3 b6 17. Qf3 1/2-1/2

[Event "XXVI. Rhein-Main-Open, Gruppe A"]
[Site "Bad Homburg vor der Höhe"]
[Date "2024.06.01"]
[Round "5"]
[White "Knuplesch, Ulrich"]
[Black "Schmitt, Hans Walter"]
[Result "0-1"]
[WhiteElo "1725"]
[BlackElo "2028"]
[PlyCount "82"]
[EventDate "2024.??.??"]
[WhiteTeam "SK Bad Homburg 1927"]
[BlackTeam "SC Bad Soden"]

1. d4 Nf6 2. c4 e6 3. Nf3 b6 4. Nc3 Bb7 5. e3 Bb4 6. Bd2 O-O 7. Bd3 d5 8. a3 Bxc3 9. Bxc3 dxc4 10. Bxc4 Nbd7 11. O-O Ne4 12. Bb4 c5 13. dxc5 bxc5 14. Be1 Qc7 15. Qc2 Nb6 16. Bd3 f5 17. Nd4 Qe7 18. Ne2 Rac8 19. Nc3 Nd6 20. Rd1 Qg5 21. f4 Qg6 22. Rf2 Rfd8 23. Qc1 a6 24. Be2 Qf6 25. Bf3 Bxf3 26. Rxf3 Ndc4 27. Rg3 Rxd1 28. Nxd1 g6 29. Bc3 Qd8 30. Qc2 Qd7 31. Nf2 Rd8 32. e4 fxe4 33. Qxe4 Qd5 34. Rxg6+ hxg6 35. Qxg6+ Kf8 36. Bg7+ Ke7 37. Bf6+ Kd7 38. h4 Ne3 39. Be5 Kc6 40. h5 Nbc4 41. Bf6 Rf8 0-1

[Event "XXVI. Rhein-Main-Open, Gruppe A"]
[Site "Bad Homburg vor der Höhe"]
[Date "2024.06.01"]
[Round "5"]
[White "Koehlich, Viktor"]
[Black "Sreeramulu, Aarush"]
[Result "1/2-1/2"]
[WhiteElo "1798"]
[BlackElo "1887"]
[PlyCount "27"]
[EventDate "2024.??.??"]
[WhiteTeam "SC Matt im Park Ffm"]
[BlackTeam "SK Marburg 1931/72"]

1. d4 d5 2. Nf3 Nf6 3. c3 Bf5 4. Qb3 Qc8 5. c4 c6 6. Nc3 e6 7. Bf4 Be7 8. Rc1 Nbd7 9. cxd5 exd5 10. Nb5 O-O 11. Bd6 Qd8 12. Bc7 Qc8 13. Bd6 Qd8 14. Bc7 1/2-1/2

[Event "XXVI. Rhein-Main-Open, Gruppe A"]
[Site "Bad Homburg vor der Höhe"]
[Date "2024.06.01"]
[Round "5"]
[White "Krause, Jonah"]
[Black "Milov, Leonid"]
[Result "1/2-1/2"]
[WhiteElo "2345"]
[BlackElo "2424"]
[PlyCount "63"]
[EventDate "2024.??.??"]
[WhiteTeam "FC ST.Pauli 1910 eV SAbt"]
[BlackTeam "SC Noris-Tarrasch Nürnberg 1873"]

1. d4 d5 2. c4 c6 3. Nc3 Nf6 4. e3 g6 5. Nf3 Bg7 6. Be2 O-O 7. O-O a5 8. cxd5 cxd5 9. b3 Nc6 10. Ba3 Bf5 11. Ne5 Nb4 12. Bb2 Ne4 13. a3 Nxc3 14. Bxc3 Qc7 15. Bb2 Nc6 16. Rc1 Qb6 17. Nd3 Bxd3 18. Qxd3 e5 19. dxe5 Nxe5 20. Qxd5 Nd3 21. Bxd3 Bxb2 22. Rcd1 Rad8 23. Qc4 Bxa3 24. Be4 Rc8 25. Qd5 Rfd8 26. Qxb7 Qxb7 27. Rxd8+ Rxd8 28. Bxb7 Rd3 29. Rb1 Rc3 30. h4 Rc1+ 31. Rxc1 Bxc1 32. g3 1/2-1/2

[Event "XXVI. Rhein-Main-Open, Gruppe A"]
[Site "Bad Homburg vor der Höhe"]
[Date "2024.06.01"]
[Round "5"]
[White "Kuckel, Michael"]
[Black "Falkenhainer, Sven"]
[Result "0-1"]
[WhiteElo "1720"]
[BlackElo "1843"]
[PlyCount "100"]
[EventDate "2024.??.??"]
[WhiteTeam "SC Matt im Park Ffm"]
[BlackTeam "SC Bergen-Enkheim 1922"]

1. d4 e6 2. Nf3 d5 3. e3 Nf6 4. Bd3 Be7 5. O-O b6 6. Nbd2 Ba6 7. Ne5 Bxd3 8. cxd3 O-O 9. b3 Nfd7 10. Bb2 Nxe5 11. dxe5 c5 12. Qg4 Nc6 13. a3 Qc7 14. f4 Rad8 15. Rac1 d4 16. e4 Qd7 17. Rf3 g6 18. Rh3 f5 19. exf6 Rxf6 20. Rf1 Rdf8 21. Qh4 R6f7 22. Qh6 Bd8 23. Rhf3 Bc7 24. Qh4 Qe7 25. Qxe7 Nxe7 26. g3 Nc6 27. Kg2 Bd6 28. Nc4 Bc7 29. R3f2 b5 30. Nd2 g5 31. Nf3 gxf4 32. Ng5 Rf6 33. gxf4 Rg6 34. Kh1 e5 35. Nh3 exf4 36. Nxf4 Bxf4 37. Rxf4 Rxf4 38. Rxf4 Ne5 39. Rf1 Nxd3 40. Ba1 Re6 41. b4 Rxe4 42. bxc5 Nxc5 43. Kg2 Nb3 44. Bb2 d3 45. Bc3 Rc4 46. Bb4 a5 47. Rf8+ Kg7 48. Rd8 axb4 49. Rxd3 bxa3 50. Rxb3 a2 0-1

[Event "XXVI. Rhein-Main-Open, Gruppe A"]
[Site "Bad Homburg vor der Höhe"]
[Date "2024.06.01"]
[Round "5"]
[White "Kuhn, Gerhard"]
[Black "Kretner, Georg Ulrich"]
[Result "1-0"]
[WhiteElo "1989"]
[BlackElo "1886"]
[PlyCount "57"]
[EventDate "2024.??.??"]
[WhiteTeam "SK Marburg 1931/72"]
[BlackTeam "SC Bad Nauheim"]

1. e4 d6 2. d4 Nf6 3. Nc3 g6 4. f3 Bg7 5. Be3 O-O 6. Qd2 e5 7. O-O-O Nbd7 8. h4 h5 9. d5 a6 10. Bg5 Qe8 11. Nh3 b5 12. Nf2 Nb6 13. g4 b4 14. Ne2 Qa4 15. Kb1 a5 16. Ng3 hxg4 17. Bxf6 Bxf6 18. Nxg4 Bxg4 19. fxg4 Qe8 20. g5 Bg7 21. h5 Na4 22. hxg6 fxg6 23. Bh3 Rf4 24. Ne2 Rb8 25. Be6+ Kf8 26. Kc1 Ke7 27. Nxf4 exf4 28. Rh7 Qf8 29. Qd4 1-0

[Event "XXVI. Rhein-Main-Open, Gruppe A"]
[Site "Bad Homburg vor der Höhe"]
[Date "2024.06.01"]
[Round "5"]
[White "Lesny, Florian"]
[Black "Akhmatovski, Maxim"]
[Result "1-0"]
[WhiteElo "2227"]
[BlackElo "2101"]
[PlyCount "159"]
[EventDate "2024.??.??"]
[WhiteTeam "SK Bad Homburg 1927"]
[BlackTeam "SV Oberursel"]

1. e4 c5 2. Nf3 e6 3. d4 cxd4 4. Nxd4 Nf6 5. Nc3 Nc6 6. Ndb5 Bb4 7. a3 Bxc3+ 8. Nxc3 d5 9. exd5 exd5 10. Bd3 O-O 11. O-O Bg4 12. f3 Bh5 13. Bg5 Qb6+ 14. Kh1 Ne4 15. Nxe4 dxe4 16. Bxe4 Qxb2 17. Qb1 Qb6 18. Qxb6 axb6 19. Rfb1 Bg6 20. Bxg6 hxg6 21. Rxb6 Nd4 22. c3 Nc2 23. Rc1 Rfe8 24. h3 Nxa3 25. Rxb7 Nc4 26. Rc7 Rac8 27. Rxc8 Rxc8 28. Be7 Re8 29. Bc5 Re2 30. Rd1 Rc2 31. Rd8+ Kh7 32. Bd4 Rc1+ 33. Kh2 g5 34. Rd5 f6 35. h4 gxh4 36. Rh5+ Kg6 37. Rxh4 Nd6 38. Rg4+ Kf7 39. Bc5 Ke6 40. Bxd6 Kxd6 41. Rxg7 Rxc3 42. Kg3 Ke5 43. Kg4 Rc4+ 44. Kh5 Rc2 45. Rg4 f5 46. Rg5 Kf4 47. Kh4 Rc5 48. Rh5 Ra5 49. Kh3 Ra3 50. Rh4+ Kg5 51. Kg3 Rc3 52. Ra4 Rb3 53. Ra8 Rc3 54. Rg8+ Kf6 55. Kh4 Rc1 56. f4 Rc4 57. g3 Rc1 58. Kh3 Rh1+ 59. Kg2 Ra1 60. Rb8 Kg6 61. Rb6+ Kh5 62. Rf6 Ra2+ 63. Kh3 Ra5 64. Rf8 Rb5 65. Rg8 Ra5 66. Rg5+ Kh6 67. Kh4 Rb5 68. g4 Rb4 69. Rxf5 Kg6 70. Rg5+ Kh6 71. f5 Rb6 72. Rh5+ Kg7 73. Kg5 Rb5 74. Rh1 Ra5 75. Rb1 Rc5 76. Rb7+ Kg8 77. Kg6 Rc6+ 78. f6 Rc8 79. Rg7+ Kf8 80. Rh7 1-0

[Event "XXVI. Rhein-Main-Open, Gruppe A"]
[Site "Bad Homburg vor der Höhe"]
[Date "2024.06.01"]
[Round "5"]
[White "Lindam, Ingo"]
[Black "Iwanziw, Niklas"]
[Result "1-0"]
[WhiteElo "2180"]
[BlackElo "1932"]
[PlyCount "63"]
[EventDate "2024.??.??"]
[WhiteTeam "SC Hilchenbach"]
[BlackTeam "SF Neuberg"]

1. d4 Nf6 2. c4 e6 3. g3 d5 4. Nf3 dxc4 5. Bg2 Bb4+ 6. Bd2 a5 7. Qc2 Bxd2+ 8. Qxd2 c6 9. Ne5 b5 10. a4 Nd5 11. e4 Nb6 12. axb5 cxb5 13. Rxa5 Rxa5 14. Qxa5 Qxd4 15. Qxb5+ N8d7 16. Nxd7 Bxd7 17. Qb4 Qd3 18. Nc3 Nc8 19. e5 Ne7 20. Be4 Qd4 21. Qb8+ Bc8 22. O-O O-O 23. Rd1 Qc5 24. Qd6 Qa7 25. Nb5 Qa4 26. Nc3 Qa7 27. Qb4 Qc7 28. h4 Nf5 29. Bxf5 exf5 30. Nd5 Qa7 31. Ne7+ Kh8 32. Ng6+ 1-0

[Event "XXVI. Rhein-Main-Open, Gruppe A"]
[Site "Bad Homburg vor der Höhe"]
[Date "2024.06.01"]
[Round "5"]
[White "Martin, Reiner"]
[Black "Nagel, Bernhard"]
[Result "0-1"]
[WhiteElo "1930"]
[BlackElo "2192"]
[PlyCount "120"]
[EventDate "2024.??.??"]
[WhiteTeam "SC Bad Soden"]
[BlackTeam "Kölner SK Dr. Lasker 1861"]

1. d4 d5 2. c4 e6 3. Nc3 Nf6 4. cxd5 exd5 5. Bg5 c6 6. Qc2 h6 7. Bh4 Be7 8. e3 O-O 9. Bd3 Ne8 10. Bg3 Nd6 11. Nge2 Re8 12. O-O Bf8 13. Rae1 a5 14. Nc1 Na6 15. a3 b5 16. f3 Nc4 17. Nd1 c5 18. Kh1 Qb6 19. dxc5 Bxc5 20. e4 Bb7 21. Nb3 dxe4 22. Bxe4 Bxe4 23. Rxe4 a4 24. Nxc5 Nxc5 25. Rxe8+ Rxe8 26. Re1 Ne6 27. Nc3 Rc8 28. Bf2 Qc6 29. Na2 Qd5 30. Rd1 Qg5 31. Nc3 Ne3 32. Bxe3 Qxe3 33. Qd2 Qc5 34. Qd5 Qxd5 35. Rxd5 b4 36. Nd1 bxa3 37. bxa3 Rc1 38. g3 Ra1 39. Rd3 Nc5 40. Rd8+ Kh7 41. Rd5 Nb3 42. Rd7 Rxa3 43. Kg2 Ra2+ 44. Kh3 Rd2 45. Rxd2 Nxd2 46. Nc3 a3 47. Kg2 Nc4 48. Kf2 Kg6 49. Ke2 Kf5 50. Kd3 Ne5+ 51. Ke3 Nc6 52. Na2 Ke5 53. Kd3 g5 54. Ke3 Kd5 55. f4 g4 56. Kd3 Kc5 57. Ke4 Nd4 58. Ke5 Nf3+ 59. Kf6 Nxh2 60. Kxf7 Nf1 0-1

[Event "XXVI. Rhein-Main-Open, Gruppe A"]
[Site "Bad Homburg vor der Höhe"]
[Date "2024.06.01"]
[Round "5"]
[White "Mayer, Frank"]
[Black "Feick, Claas Marten"]
[Result "0-1"]
[WhiteElo "2009"]
[BlackElo "1772"]
[PlyCount "100"]
[EventDate "2024.??.??"]
[WhiteTeam "Wiesbadener SV 1885"]
[BlackTeam "SF Neuberg"]

1. e4 c6 2. d4 d5 3. f3 dxe4 4. fxe4 e5 5. Nf3 Be6 6. c3 Nd7 7. Bd3 Ngf6 8. O-O Bd6 9. Kh1 Qc7 10. Be3 O-O 11. Nbd2 b5 12. Bg1 a6 13. Qe2 c5 14. d5 Bg4 15. c4 b4 16. h3 Nh5 17. Bh2 Bxf3 18. Rxf3 Nf4 19. Qe3 Rae8 20. g3 Nxd3 21. Qxd3 a5 22. g4 h6 23. Nf1 g6 24. Ng3 Kg7 25. Raf1 Qd8 26. Bg1 Qe7 27. Kg2 a4 28. Be3 Rh8 29. Qd2 Ref8 30. Qf2 Nb6 31. b3 a3 32. h4 Nd7 33. h5 Rh7 34. Kh3 Bc7 35. Qd2 Bd6 36. R1f2 Bc7 37. Qc1 Bd8 38. Qf1 Rhh8 39. Kg2 Rh7 40. g5 hxg5 41. Bxg5 Qxg5 42. Rxf7+ Rxf7 43. Rxf7+ Kg8 44. Rxh7 Kxh7 45. Qf7+ Kh6 46. hxg6 Nf6 47. Qf8+ Kxg6 48. Qxd8 Qd2+ 49. Kh3 Qxa2 50. Qc8 Qf2 0-1

[Event "XXVI. Rhein-Main-Open, Gruppe A"]
[Site "Bad Homburg vor der Höhe"]
[Date "2024.06.01"]
[Round "5"]
[White "Minor, Samuel"]
[Black "Calvi, Stefan"]
[Result "1-0"]
[WhiteElo "2210"]
[BlackElo "1971"]
[PlyCount "115"]
[EventDate "2024.??.??"]
[WhiteTeam "Wiesbadener SV 1885"]
[BlackTeam "SV Oberursel"]

1. e4 c5 2. Nf3 Nc6 3. Bb5 g6 4. Bxc6 dxc6 5. h3 Bg7 6. d3 b6 7. O-O Nf6 8. Nc3 Nd7 9. Be3 e5 10. Nd2 Nf8 11. f4 exf4 12. Bxf4 Ne6 13. Bh2 O-O 14. a4 Nd4 15. a5 Be6 16. e5 Nf5 17. Re1 Rb8 18. Nce4 Qd4+ 19. Kh1 Qxb2 20. c3 Qb5 21. Nf6+ Kh8 22. Qc2 Rfd8 23. g4 Ne7 24. c4 Qa6 25. axb6 Qxb6 26. Reb1 Qc7 27. Nde4 Rb6 28. Nxc5 Rdb8 29. Kg2 Rxb1 30. Rxb1 Rxb1 31. Qxb1 Qb6 32. Qxb6 axb6 33. Nxe6 fxe6 34. Kf3 b5 35. Ke4 b4 36. d4 g5 37. Kd3 Ng6 38. Ne4 h6 39. Nc5 Nf8 40. Bg3 Kg8 41. Be1 Kf7 42. Bxb4 Ng6 43. Ke4 Bf8 44. Na6 Bxb4 45. Nxb4 Ne7 46. Na6 Ng6 47. Nb8 Ne7 48. Kd3 Ke8 49. Kc3 Ng6 50. Nxc6 Nf4 51. Kd2 Nxh3 52. Ke3 Nf4 53. Ke4 h5 54. gxh5 Nxh5 55. d5 exd5+ 56. cxd5 g4 57. Nd4 g3 58. Kf3 1-0

[Event "XXVI. Rhein-Main-Open, Gruppe A"]
[Site "Bad Homburg vor der Höhe"]
[Date "2024.06.01"]
[Round "5"]
[White "Miyake Siqueira, Pedro Henrique"]
[Black "Fucik, Timo"]
[Result "1-0"]
[WhiteElo "1847"]
[BlackElo "1996"]
[PlyCount "175"]
[EventDate "2024.??.??"]
[WhiteTeam "SK Bad Homburg 1927"]
[BlackTeam "SK 1926 Ettlingen"]

1. e4 c5 2. Nf3 d6 3. d4 Nf6 4. Nc3 cxd4 5. Nxd4 a6 6. Rg1 b5 7. a4 b4 8. Nd5 e6 9. Nxf6+ Qxf6 10. Be3 Bb7 11. Bd3 Nd7 12. g4 d5 13. g5 Qe7 14. exd5 Bxd5 15. Qe2 Nc5 16. Bc4 Qb7 17. Bxd5 Qxd5 18. Qf3 Qxf3 19. Nxf3 Rc8 20. Rg4 Bd6 21. Rd1 Ke7 22. Bd4 Rhg8 23. Be5 Bxe5 24. Nxe5 a5 25. b3 f6 26. Nc4 fxg5 27. Nxa5 Na6 28. Nc4 Kf6 29. Rd3 Rc5 30. Ke2 h5 31. Re4 Nc7 32. Rd6 Re8 33. Ne3 Rb8 34. h3 Re5 35. Red4 g4 36. Rd7 Nd5 37. hxg4 h4 38. g5+ Kxg5 39. Rxg7+ Kh6 40. Rgg4 Rh5 41. Rxh4 Rxh4 42. Rxh4+ Kg5 43. Rg4+ Kf6 44. Nxd5+ exd5 45. Kd3 Ke6 46. Rg6+ Ke5 47. Rg5+ Ke6 48. f4 Rc8 49. Rg6+ Kf5 50. Rb6 Kxf4 51. Rxb4+ Ke5 52. Rh4 Rg8 53. a5 Rg3+ 54. Kd2 d4 55. a6 Rg2+ 56. Kc1 Rg1+ 57. Kb2 Rg7 58. Rh5+ Kd6 59. Ra5 Ra7 60. b4 Kc6 61. Kb3 Kb6 62. Kc4 Rc7+ 63. Kxd4 Ka7 64. c3 Rh7 65. Kc4 Rh4+ 66. Kb3 Rg4 67. Ra2 Rg5 68. c4 Rg3+ 69. Kb2 Rg2+ 70. Ka3 Rg3+ 71. Ka4 Kxa6 72. b5+ Kb6 73. Kb4 Rg1 74. Ra6+ Kb7 75. Re6 Rg4 76. Rd6 Rg5 77. Rd7+ Kb8 78. c5 Rh5 79. c6 Kc8 80. Ka5 Re5 81. Kb6 Re6 82. Ra7 Kb8 83. Rf7 Re8 84. Rf6 Kc8 85. c7 Rg8 86. Rd6 Rh8 87. Rd8+ Rxd8 88. cxd8=Q+ 1-0

[Event "XXVI. Rhein-Main-Open, Gruppe A"]
[Site "Bad Homburg vor der Höhe"]
[Date "2024.06.01"]
[Round "5"]
[White "Nagel, Matthias"]
[Black "Dornblueth, Christian"]
[Result "1/2-1/2"]
[WhiteElo "1881"]
[BlackElo "1937"]
[PlyCount "37"]
[EventDate "2024.??.??"]
[WhiteTeam "SV 1920 Kelsterbach"]
[BlackTeam "SF Heidelberg"]

1. Nf3 Nf6 2. c4 g6 3. b3 Bg7 4. Bb2 O-O 5. e3 c5 6. Nc3 d5 7. Nxd5 Nxd5 8. Bxg7 Kxg7 9. cxd5 Qxd5 10. Bc4 Qd6 11. d4 cxd4 12. Qxd4+ Qxd4 13. Nxd4 Nd7 14. h3 Nb6 15. Be2 Bd7 16. O-O Rac8 17. Rac1 Rfd8 18. a4 Rxc1 19. Rxc1 1/2-1/2

[Event "XXVI. Rhein-Main-Open, Gruppe A"]
[Site "Bad Homburg vor der Höhe"]
[Date "2024.06.01"]
[Round "5"]
[White "Neuhoff, Ulrich"]
[Black "Wilk, Jan"]
[Result "0-1"]
[WhiteElo "1893"]
[BlackElo "1874"]
[PlyCount "48"]
[EventDate "2024.??.??"]
[WhiteTeam "SK Bad Homburg 1927"]
[BlackTeam "SC Bellheim"]

1. Nf3 Nf6 2. c4 e6 3. g3 d5 4. b3 Be7 5. Bg2 O-O 6. O-O c5 7. e3 Nc6 8. Bb2 Qb6 9. Na3 d4 10. exd4 Nxd4 11. Nxd4 cxd4 12. Re1 Rd8 13. d3 Bd7 14. Nc2 Bc6 15. Bc1 h6 16. Bd2 Bxg2 17. Kxg2 Rac8 18. b4 a6 19. Rb1 Qc7 20. Qe2 b5 21. c5 Rd5 22. Bf4 Qc6 23. Qf3 g5 24. Be5 g4 0-1

[Event "XXVI. Rhein-Main-Open, Gruppe A"]
[Site "Bad Homburg vor der Höhe"]
[Date "2024.06.01"]
[Round "5"]
[White "Nickel, Jonas"]
[Black "Baranyai Molnar, Adam Kristof"]
[Result "0-1"]
[WhiteElo "1908"]
[BlackElo "2056"]
[Annotator "thoma"]
[PlyCount "118"]
[EventDate "2024.??.??"]
[WhiteTeam "Schachdr. Büdingen-Wächtersbach"]
[BlackTeam "SF Neuberg"]

{[%evp 0,94,27,24,47,53,75,54,44,22,96,38,65,73,50,39,92,76,142,88,114,57,55,16,-3,-3,-6,-6,14,-21,49,49,32,52,54,50,50,42,52,68,77,-17,-13,0,-6,-6,-6,-19,-6,-6,-6,-6,56,45,40,40,76,18,36,40,48,40,7,3,0,-2,-17,-12,30,-42,-5,-82,0,0,0,0,0,-132,-115,-250,-260,-305,-305,-305,-345,-345,-78,-141,-75,-153,-108,-139,-98,-155,-220,-539,-193]} 1. e4 c5 2. Nf3 e6 3. d4 cxd4 4. Nxd4 a6 5. Bd3 Bc5 6. Nb3 Ba7 7. O-O Ne7 8. Nc3 b5 9. Qg4 O-O 10. Kh1 Bb7 11. Bg5 f6 12. Bf4 Nbc6 13. Bd6 Ne5 14. Qg3 Nxd3 15. cxd3 Bb8 16. Nc5 Bxd6 17. Qxd6 Bc6 18. f4 f5 19. Ne2 Rf6 20. e5 Rg6 21. Rf2 Nc8 22. Qd4 Qh4 23. Qe3 Ne7 24. Kg1 Nd5 25. Qd2 Rh6 26. g3 Qe7 27. Rc1 Nc7 28. d4 Nd5 29. a3 Kf7 30. Kf1 a5 31. Nd3 Nb6 32. Qe1 Nc4 33. Nc3 g5 34. a4 bxa4 35. Nxa4 Bxa4 36. Rxc4 Bb5 37. Rc3 gxf4 38. gxf4 Rg8 39. Ke2 Qb4 40. Kd2 Bxd3 41. Kxd3 Rh3+ 42. Kc2 Rb8 43. Kc1 Rd3 44. Rfc2 Qxd4 45. Rc4 Qb6 46. Qf1 Ra3 47. Qe2 Ra1+ 48. Kd2 Rg1 49. Qf3 h6 50. Qh5+ Kg7 51. Qf3 Kh7 52. Rc5 Rbg8 53. R5c4 a4 54. Kd3 Qb3+ 55. R4c3 Qb5+ 56. Rc4 Re1 57. Rg2 Rxg2 58. Qxg2 Re4 59. Qc2 Qd5+ 0-1

[Event "XXVI. Rhein-Main-Open, Gruppe A"]
[Site "Bad Homburg vor der Höhe"]
[Date "2024.06.01"]
[Round "5"]
[White "Nothnagel, Marian Can"]
[Black "Neukirchner, Pascal"]
[Result "1-0"]
[WhiteElo "2393"]
[BlackElo "2212"]
[PlyCount "147"]
[EventDate "2024.??.??"]
[WhiteTeam "SK Bickenbach"]
[BlackTeam "SK Gründau"]

1. e4 c5 2. Nf3 d6 3. Bb5+ Bd7 4. Bxd7+ Qxd7 5. O-O Nc6 6. Re1 e6 7. c3 d5 8. e5 Nge7 9. d3 Nf5 10. a3 Be7 11. b4 b6 12. g3 O-O 13. h4 a6 14. bxc5 bxc5 15. Bf4 f6 16. Nbd2 fxe5 17. Nxe5 Nxe5 18. Bxe5 Bf6 19. Qe2 Bxe5 20. Qxe5 Rae8 21. Rab1 Qf7 22. Rf1 Qg6 23. Nf3 Nh6 24. Qe3 Ng4 25. Qe2 Rf6 26. Ng5 Qf5 27. f4 h6 28. Nf3 e5 29. fxe5 Nxe5 30. Nxe5 Qxe5 31. Qxe5 Rxf1+ 32. Kxf1 Rxe5 33. Kf2 Kf7 34. Rb7+ Re7 35. Rb8 d4 36. cxd4 cxd4 37. Rd8 Rb7 38. Rxd4 Rb3 39. a4 Ra3 40. Ke3 a5 41. Kf4 Ke6 42. h5 Ra1 43. Rc4 Rf1+ 44. Ke3 Re1+ 45. Kd2 Ra1 46. Kc3 Kd5 47. Rg4 Rc1+ 48. Kd2 Rc7 49. Re4 Rb7 50. g4 Rf7 51. Ke3 Kc5 52. Rc4+ Kd5 53. Rd4+ Kc5 54. Rc4+ Kd5 55. Rf4 Re7+ 56. Kd2 Ra7 57. Rf8 Kd4 58. Rd8+ Kc5 59. Kc3 Rf7 60. Ra8 Kb6 61. Rb8+ Kc6 62. Rb5 Rf4 63. Rxa5 Rxg4 64. d4 Rg1 65. Rc5+ Kd6 66. a5 Rc1+ 67. Kb4 Rb1+ 68. Kc4 Rc1+ 69. Kb5 Rb1+ 70. Ka6 Rb4 71. Rb5 Rxd4 72. Kb7 Rf4 73. a6 Rf7+ 74. Kb6 1-0

[Event "XXVI. Rhein-Main-Open, Gruppe A"]
[Site "Bad Homburg vor der Höhe"]
[Date "2024.06.01"]
[Round "5"]
[White "Novak, Volker"]
[Black "Muehlpfordt, Thomas"]
[Result "1-0"]
[WhiteElo "2125"]
[BlackElo "1990"]
[PlyCount "103"]
[EventDate "2024.??.??"]
[WhiteTeam "SK Bad Homburg 1927"]
[BlackTeam "SC 1997 Lambsheim"]

1. Nf3 d5 2. g3 c5 3. Bg2 Nf6 4. O-O g6 5. c4 Bg7 6. cxd5 Nxd5 7. Nc3 O-O 8. Nxd5 Qxd5 9. d3 Nc6 10. Be3 Qd6 11. Rc1 Nd4 12. Nd2 Bg4 13. Re1 Rab8 14. Ne4 Qb6 15. h3 Bf5 16. Nxc5 Qxb2 17. g4 Bc8 18. Nb3 Nxb3 19. Qxb3 Be6 20. Qxb2 Bxb2 21. Rc2 Bf6 22. Bxa7 Ra8 23. Be3 Rxa2 24. Rxa2 Bxa2 25. Bxb7 Rb8 26. Ba6 Rb2 27. Kf1 Bd5 28. Rc1 Kg7 29. g5 Be5 30. f4 Ra2 31. Bc4 Bxc4 32. dxc4 Bc7 33. Kf2 f5 34. Bd4+ Kf7 35. Kf3 Ke6 36. h4 Kd6 37. h5 Ra3+ 38. e3 Ra2 39. hxg6 hxg6 40. Rh1 Rc2 41. c5+ Kd5 42. Rh6 Ba5 43. Rxg6 Be1 44. Rb6 Rf2+ 45. Kg3 Ke4 46. Re6+ Kd3 47. g6 Rf1+ 48. Kg2 Rf2+ 49. Kg1 Rf3 50. g7 Kc2 51. g8=Q Rf1+ 52. Kh2 1-0